[Event "MTN-ch"]
[Site "Nouakchott"]
[Date "2015.01.02"]
[Round "9"]
[White "Mohamed, Salem Ahmed"]
[Black "Baba, Saad Bouh"]
[Result "1-0"]
[WhiteElo "1573"]
[BlackElo "1400"]
[PlyCount "32"]
[EventDate "2014.12.27"]
[EventType "swiss"]
[EventRounds "11"]
[EventCountry "MAU"]
[SourceTitle "CBM 164 Extra"]
[Source "ChessBase"]
[SourceDate "2015.03.02"]
[SourceVersion "1"]
[SourceVersionDate "2015.03.02"]
[SourceQuality "1"]

1. e4 d6 2. c4 Nf6 3. Nc3 g6 4. d4 Bg7 5. f3 0-0 6. Be3 c5 7. d5 a6 8. Qd2 b5 9. cxb5 axb5 10. Bxb5 Qa5 11. Nge2 Nxe4 12. fxe4 Bxc3 13. Nxc3 Bd7 14. Bxd7 Nxd7 15. 0-0 Ne5 16. Qe2 Rab8 1-0

[Event "MTN-ch"]
[Site "Nouakchott"]
[Date "2014.12.28"]
[Round "4"]
[White "Cheiguer, Mohamed Abdellahi"]
[Black "Mohamed, Salem Ahmed"]
[Result "1-0"]
[WhiteElo "1771"]
[BlackElo "1573"]
[PlyCount "106"]
[EventDate "2014.12.27"]
[EventType "swiss"]
[EventRounds "11"]
[EventCountry "MAU"]
[SourceTitle "CBM 164 Extra"]
[Source "ChessBase"]
[SourceDate "2015.03.02"]
[SourceVersion "1"]
[SourceVersionDate "2015.03.02"]
[SourceQuality "1"]

1. e4 c5 2. Nf3 d6 3. d4 cxd4 4. Nxd4 e5 5. Nb3 Nf6 6. Nc3 a5 7. a4 Be7 8. g3 Be6 9. Bg2 Bc4 10. Nd2 Be6 11. Nd5 Nc6 12. Nc4 Nb4 13. Be3 0-0 14. Bb6 Qd7 15. Bxa5 Nbxd5 16. exd5 Bh3 17. Nb6 Qf5 18. Bxh3 Qe4+ 19. Kd2 Rxa5 20. Kc1 Qb4 21. Nd7 Nxd7 22. Bxd7 Rfa8 23. Ra3 Qc5 24. Bb5 Qxf2 25. Qd2 Qb6 26. Rf1 Qd8 27. Qf2 f6 28. Qf5 g6 29. Qf3 f5 30. h4 Bf6 31. h5 e4 32. Qe2 Qe7 33. Kb1 Qe5 34. Rb3 Kg7 35. hxg6 hxg6 36. Rc3 Bd8 37. Rh1 Bb6 38. Qh2 Kf8 39. Qh6+ Qg7 40. Qg5 Bd8 41. Qf4 Qe5 42. Qh6+ Qg7 43. Qe3 Bf6 44. Rb3 Bd4 45. Qe2 R5a7 46. g4 Be5 47. gxf5 gxf5 48. Rbh3 Qg5 49. Bd7 b6 50. Rh5 Qg6 51. Bxf5 Rxa4 52. c3 Ra1+ 53. Kc2 Rxh1 1-0

[Event "MTN-ch"]
[Site "Nouakchott"]
[Date "2014.12.27"]
[Round "1"]
[White "Mohamed, Salem Ahmed"]
[Black "Sabar, Ethmane Daouda"]
[Result "0-1"]
[WhiteElo "1573"]
[BlackElo "1967"]
[PlyCount "68"]
[EventDate "2014.12.27"]
[EventType "swiss"]
[EventRounds "11"]
[EventCountry "MAU"]
[SourceTitle "CBM 164 Extra"]
[Source "ChessBase"]
[SourceDate "2015.03.02"]
[SourceVersion "1"]
[SourceVersionDate "2015.03.02"]
[SourceQuality "1"]

1. e4 c5 2. c4 Nc6 3. Nc3 g6 4. f4 d6 5. Nf3 Bg4 6. Be2 Bg7 7. h3 Bxf3 8. gxf3 e5 9. Nd5 exf4 10. h4 Be5 11. d3 Nf6 12. Nxf4 Qb6 13. Qd2 0-0-0 14. Nd5 Nxd5 15. exd5 Nd4 16. f4 Bg7 17. 0-0 Rde8 18. Bg4+ f5 19. Bd1 Qd8 20. Qh2 h5 21. Rb1 Bf6 22. b4 Bxh4 23. bxc5 dxc5 24. Qd2 b6 25. a4 Be1 26. Qg2 Qh4 27. Rb2 Bc3 28. Rbf2 Qf6 29. Bd2 Bxd2 30. Rxd2 Re3 31. a5 Qh4 32. Bf3 Nxf3+ 33. Rxf3 Rxf3 34. Qxf3 Qe1+ 0-1

[Event "Nouadhibou Independence op"]
[Site "Nouadhibou"]
[Date "2014.11.30"]
[Round "8"]
[White "Mohamed, Salem Ahmed"]
[Black "Ghoulam, Hamada Deya"]
[Result "1-0"]
[WhiteElo "1573"]
[BlackElo "1584"]
[PlyCount "116"]
[EventDate "2014.11.27"]
[EventType "swiss"]
[EventRounds "9"]
[EventCountry "MAU"]
[SourceTitle "CBM 163 Extra"]
[Source "ChessBase"]
[SourceDate "2014.12.23"]
[SourceVersion "1"]
[SourceVersionDate "2014.12.23"]
[SourceQuality "1"]

1. e4 e5 2. c3 Nf6 3. d4 exd4 4. e5 Nd5 5. cxd4 Bb4+ 6. Bd2 0-0 7. a3 Bxd2+ 8. Qxd2 d6 9. f4 b6 10. Nc3 Bb7 11. Nf3 Re8 12. Bd3 Ne7 13. Qe2 Ng6 14. g3 Nd7 15. 0-0-0 f6 16. h4 fxe5 17. fxe5 dxe5 18. dxe5 Qe7 19. e6 Nc5 20. Bc2 Kh8 21. Rhe1 Qxe6 22. Qxe6 Rxe6 23. Ng5 Rxe1 24. Rxe1 a6 25. b4 Nd7 26. Bb3 Nde5 27. Re3 h6 28. h5 hxg5 29. hxg6 Nxg6 30. Re6 Nf8 31. Re7 Ng6 32. Rxc7 Bc8 33. Bd1 Bf5 34. Nd5 b5 35. g4 Be4 36. Nb6 Rd8 37. Nd7 Nf4 38. Bb3 Re8 39. Ra7 Bf3 40. Bf7 Rd8 41. Ne5 Rc8+ 42. Kd2 Rd8+ 43. Ke3 Bd1 44. Ke4 Rb8 45. Kf5 Nh3 46. Ng6+ Kh7 47. Rxa6 Bc2+ 48. Ke5 Bd1 49. Ne7 Bxg4 50. Bg6+ Kh8 51. Rc6 Bf3 52. Rc7 Nf4 53. Bc2 g6 54. Kf6 Rf8+ 55. Kxg5 Nh3+ 56. Kh6 Bh5 57. Nd5 Nf2 58. Rh7+ Kg8 1-0

[Event "MAU-ch"]
[Site "Nouadhibou"]
[Date "2014.01.02"]
[Round "9"]
[White "Mohamed, Salem Ahmed"]
[Black "Hemam, Moulaye Brahim"]
[Result "1-0"]
[WhiteElo "1752"]
[BlackElo "2061"]
[PlyCount "65"]
[EventDate "2013.12.28"]
[EventType "swiss"]
[EventRounds "11"]
[EventCountry "MAU"]
[SourceTitle "CBM 158 Extra"]
[Source "ChessBase"]
[SourceDate "2014.02.28"]
[SourceVersion "1"]
[SourceVersionDate "2014.02.28"]
[SourceQuality "1"]

1. e4 c6 2. d4 e6 3. c4 g6 4. Be3 Bg7 5. Qd2 Nf6 6. Nc3 0-0 7. h3 Na6 8. Be2 Qa5 9. Nf3 d5 10. e5 Nd7 11. 0-0 Qb6 12. cxd5 cxd5 13. Rac1 Nb4 14. Nb5 Nxa2 15. Ra1 Nb8 16. Rxa2 a6 17. Nd6 Nc6 18. Ra3 Bd7 19. Rc1 Rab8 20. Rcc3 f5 21. Rab3 Qc7 22. Bh6 Kh8 23. Qc1 Kg8 24. Bxg7 Kxg7 25. h4 a5 26. h5 gxh5 27. Qg5+ Kh8 28. Qh6 Qd8 29. Ng5 Qe7 30. Bxh5 Nd8 31. Ndf7+ Rxf7 32. Bxf7 Nxf7 33. Qxh7# 1-0

[Event "MAU-ch"]
[Site "Nouadhibou"]
[Date "2013.12.30"]
[Round "4"]
[White "Ahmed El Bechir, Mohamedou"]
[Black "Mohamed, Salem Ahmed"]
[Result "1-0"]
[WhiteElo "1785"]
[BlackElo "1752"]
[PlyCount "65"]
[EventDate "2013.12.28"]
[EventType "swiss"]
[EventRounds "11"]
[EventCountry "MAU"]
[SourceTitle "CBM 158 Extra"]
[Source "ChessBase"]
[SourceDate "2014.02.28"]
[SourceVersion "1"]
[SourceVersionDate "2014.02.28"]
[SourceQuality "1"]

1. e4 e6 2. d4 d6 3. Nf3 Be7 4. Bd3 Bd7 5. b3 c5 6. c3 Nc6 7. Bb2 cxd4 8. cxd4 Nf6 9. Nc3 a6 10. 0-0 0-0 11. Rc1 e5 12. Ne2 Rc8 13. dxe5 Ng4 14. exd6 Bxd6 15. Bb1 Bb8 16. h3 Nge5 17. Nxe5 Nxe5 18. Qd5 Bc6 19. Qxd8 Rfxd8 20. Rcd1 Rxd1 21. Rxd1 f6 22. Nd4 Be8 23. Nf5 Kf7 24. Nd6+ Bxd6 25. Rxd6 Nc6 26. Bd3 Ne5 27. Bxe5 fxe5 28. Bc4+ Kf8 29. a4 h5 30. Bd5 b5 31. axb5 axb5 32. Re6 Rd8 33. Rxe5 1-0